| Tag |
First Indicator |
Second Indicator |
Subfields |
| LEADER |
00000cam a2200000 a 4500 |
| 001 |
in00001403842 |
| 005 |
20151020053202.0 |
| 008 |
940623s1994 caua b 000 0 eng d |
| 035 |
|
|
|a (OCoLC)30654843
|
| 035 |
|
|
|9 AHM7318AM
|
| 040 |
|
|
|a IRU
|c IRU
|d TXA
|d UtOrBLW
|
| 049 |
|
|
|a TXAM
|
| 090 |
|
|
|a HD9000.1
|b .C3 94-3
|
| 100 |
1 |
|
|a Cook, Roberta L.
|
| 245 |
1 |
0 |
|a California vegetable crops :
|b production and markets /
|c authors ... Roberta L. Cook, Carole Frank Nuckton, Warren E. Johnston.
|
| 264 |
|
1 |
|a Davis, CA :
|b Giannini Foundation of Agricultural Economics, University of California,
|c [1994?]
|
| 300 |
|
|
|a ii, 47 pages :
|b illustrations ;
|c 28 cm.
|
| 336 |
|
|
|a text
|b txt
|2 rdacontent
|
| 337 |
|
|
|a unmediated
|b n
|2 rdamedia
|
| 338 |
|
|
|a volume
|b nc
|2 rdacarrier
|
| 490 |
1 |
|
|a Giannini Foundation information series ;
|v no. 94-3
|
| 500 |
|
|
|a "April 1994."
|
| 504 |
|
|
|a Includes bibliographical references (pages 39-43).
|
| 650 |
|
0 |
|a Vegetable trade
|z California.
|
| 650 |
|
0 |
|a Vegetables
|z California
|x Marketing.
|
| 700 |
1 |
|
|a Nuckton, Carole Frank.
|
| 700 |
1 |
|
|a Johnston, Warren E.
|
| 710 |
2 |
|
|a Giannini Foundation of Agricultural Economics.
|
| 830 |
|
0 |
|a Giannini Foundation information series ;
|v 94-3.
|
| 999 |
|
|
|a MARS
|
| 999 |
f |
f |
|s 95be5271-93dc-35a5-b3a4-c6bb4b8165fb
|i 86af00e1-ad57-3e3f-981b-f97c700b82da
|t 0
|
| 952 |
f |
f |
|p ric
|a Texas A&M University
|b Rellis Campus
|c Joint Library Facility
|d Remote Storage
|t 0
|e HD9000.1 .C3 no.94-3
|h Library of Congress classification
|i unmediated -- volume
|m A14822020706
|
| 998 |
f |
f |
|a HD9000.1 .C3 no.94-3
|t 0
|l Remote Storage
|